[Event "Titled Tuesday intern op 06th Feb Early"]
[Site "Chess.com INT"]
[Date "2024.02.06"]
[Round "9"]
[White "Perossa, Nicolas"]
[Black "Yaksin, Oleg"]
[Result "0-1"]
[WhiteElo "2277"]
[BlackElo "2389"]
[PlyCount "106"]
[EventDate "2024.02.06"]
[EventType "swiss (blitz)"]
[EventRounds "11"]
[EventCountry "USA"]
[SourceTitle "CB07_2024"]
[SourceDate "2024.02.14"]
[SourceVersion "1"]
[SourceVersionDate "2024.02.14"]
[SourceQuality "1"]

1. Nf3 c5 2. e3 g6 3. Be2 Bg7 4. 0-0 Nf6 5. b3 Ne4 6. d4 0-0 7. Bb2 Nc6 8. Nbd2 d5 9. Nxe4 dxe4 10. Nd2 cxd4 11. Nxe4 dxe3 12. Qc1 exf2+ 13. Rxf2 Bxb2 14. Qxb2 Qd4 15. Qxd4 Nxd4 16. Bc4 Bf5 17. Ng5 Nxc2 18. Rc1 Ne3 19. h3 Nxc4 20. Rxc4 h6 21. Nf3 Rac8 22. Rxc8 Rxc8 23. Nd4 Be4 24. g4 e5 25. Nb5 Rc1+ 26. Kh2 a6 27. Nd6 Bd5 28. Rd2 Bc6 29. h4 Rh1+ 30. Kg3 Rg1+ 31. Kh3 Re1 32. g5 hxg5 33. hxg5 e4 34. Kg3 e3 35. Rh2 Rg1+ 36. Kf4 b5 37. Kxe3 Rxg5 38. Kd4 Rd5+ 39. Ke3 Rxd6 40. Kf4 Re6 41. Rc2 Kg7 42. Rd2 Rf6+ 43. Ke5 Re6+ 44. Kf4 Kf6 45. Rc2 g5+ 46. Kg4 Kg6 47. Rc5 f5+ 48. Kg3 f4+ 49. Kf2 g4 50. a4 g3+ 51. Kf1 f3 52. axb5 Bxb5+ 53. Kg1 f2+ 0-1

[Event "Titled Tuesday intern op 06th Feb Early"]
[Site "Chess.com INT"]
[Date "2024.02.06"]
[Round "1"]
[White "Romero Arzuaga, Yudel"]
[Black "Yaksin, Oleg"]
[Result "0-1"]
[WhiteElo "2231"]
[BlackElo "2389"]
[PlyCount "150"]
[EventDate "2024.02.06"]
[EventType "swiss (blitz)"]
[EventRounds "11"]
[EventCountry "USA"]
[SourceTitle "CB07_2024"]
[SourceDate "2024.02.14"]
[SourceVersion "1"]
[SourceVersionDate "2024.02.14"]
[SourceQuality "1"]

1. d4 Nf6 2. Nf3 e6 3. Bg5 h6 4. Bh4 d6 5. e3 Nbd7 6. Nbd2 g6 7. Bc4 Bg7 8. Qe2 d5 9. Bd3 0-0 10. 0-0 c5 11. c3 Qc7 12. Bg3 Qb6 13. Rab1 Re8 14. Ne5 Nxe5 15. Bxe5 Bd7 16. f4 a6 17. Nf3 Bb5 18. Bxf6 Bxf6 19. Ne5 Bxd3 20. Qxd3 Qc7 21. Rf3 Bg7 22. Rg3 b5 23. Rf1 b4 24. h4 bxc3 25. bxc3 cxd4 26. cxd4 h5 27. Rff3 Rec8 28. Nxg6 fxg6 29. Rxg6 Qc2 30. Qxc2 Rxc2 31. Rfg3 Ra7 32. Rxe6 Rxa2 33. f5 Kf7 34. Reg6 Bf8 35. f6 Ke6 36. Rg7 Rf7 37. Rxf7 Kxf7 38. Rg5 Bh6 39. Rxd5 Bxe3+ 40. Kf1 Rf2+ 41. Ke1 Rxg2 42. Rxh5 Bxd4 43. Kd1 Ra2 44. Rd5 Bxf6 45. h5 a5 46. h6 a4 47. h7 Rh2 48. Ra5 Rh4 49. Ra7+ Kg6 50. Kc2 Bg7 51. Kb1 Kxh7 52. Ka2 Kg8 53. Ra8+ Bf8 54. Ra7 Rh2+ 55. Ka1 a3 56. Ra6 Rf2 57. Ra8 Kf7 58. Ra7+ Be7 59. Ra6 Ke8 60. Ra4 Kd7 61. Ra7+ Ke6 62. Ra6+ Bd6 63. Ra4 Kd5 64. Ra5+ Bc5 65. Ra4 Re2 66. Ra5 Kc4 67. Ra8 Bd4+ 68. Kb1 Rb2+ 69. Kc1 Kb3 70. Rb8+ Ka2 71. Ra8 Be3+ 72. Kd1 Rd2+ 73. Ke1 Rd7 74. Rb8 Bd2+ 75. Ke2 Ka1 0-1

[Event "Titled Tuesday intern op 06th Feb Early"]
[Site "Chess.com INT"]
[Date "2024.02.06"]
[Round "4"]
[White "Yaksin, Oleg"]
[Black "Daurimbetov, Azamat"]
[Result "1-0"]
[WhiteElo "2389"]
[BlackElo "2067"]
[PlyCount "77"]
[EventDate "2024.02.06"]
[EventType "swiss (blitz)"]
[EventRounds "11"]
[EventCountry "USA"]
[SourceTitle "CB07_2024"]
[SourceDate "2024.02.14"]
[SourceVersion "1"]
[SourceVersionDate "2024.02.14"]
[SourceQuality "1"]

1. d4 Nf6 2. c4 e6 3. g3 c5 4. d5 exd5 5. cxd5 d6 6. Nc3 g6 7. Bg2 Bg7 8. Nf3 0-0 9. 0-0 Re8 10. Nd2 a6 11. a4 Nbd7 12. Nc4 Ne5 13. Na3 h5 14. Bg5 Qb6 15. Qd2 Bf5 16. e4 Bh3 17. f4 Bxg2 18. Kxg2 Neg4 19. h3 Nh6 20. e5 Nd7 21. Nc4 Qb4 22. Nxd6 Nf5 23. Nxe8 Rxe8 24. Rfe1 Nb6 25. d6 Nc4 26. Qf2 Nce3+ 27. Kh1 Rf8 28. Rxe3 Nxe3 29. Qxe3 Qxb2 30. Rd1 b5 31. axb5 axb5 32. d7 b4 33. Ne4 c4 34. d8Q Rxd8 35. Rxd8+ Kh7 36. Bf6 Qb1+ 37. Kg2 Qc2+ 38. Kf3 Qd1+ 39. Rxd1 1-0

[Event "Titled Tuesday intern op 06th Feb Early"]
[Site "Chess.com INT"]
[Date "2024.02.06"]
[Round "2"]
[White "Yaksin, Oleg"]
[Black "Giri, Anish"]
[Result "0-1"]
[WhiteElo "2389"]
[BlackElo "2762"]
[PlyCount "96"]
[EventDate "2024.02.06"]
[EventType "swiss (blitz)"]
[EventRounds "11"]
[EventCountry "USA"]
[SourceTitle "CB07_2024"]
[SourceDate "2024.02.14"]
[SourceVersion "1"]
[SourceVersionDate "2024.02.14"]
[SourceQuality "1"]

1. d4 g6 2. c4 Bg7 3. Nf3 d6 4. g3 Nf6 5. Bg2 Bf5 6. 0-0 0-0 7. Nc3 Ne4 8. Nd5 c6 9. Ne3 Be6 10. b3 f5 11. Bb2 Nd7 12. Qc2 Ndf6 13. Rad1 Rc8 14. Nd2 d5 15. Nf3 Bh6 16. Ne5 f4 17. gxf4 Bxf4 18. h3 Bxe3 19. fxe3 Bf5 20. Rxf5 gxf5 21. Rf1 e6 22. Ba3 Re8 23. Kh2 Rc7 24. Bf3 Rg7 25. Bb4 Nd7 26. Bxe4 Nxe5 27. Bh1 Qg5 28. Be1 Qxe3 29. Bg2 Nd7 30. cxd5 cxd5 31. Qc7 Nf6 32. Qd6 Ne4 33. Qe5 Qg5 34. Bf3 Qf6 35. Qf4 Qxd4 36. Bh4 Qd2 37. Qe5 Qh6 38. Be1 Qf6 39. Qf4 e5 40. Qc1 Qe6 41. Bb4 b6 42. Ba3 Ng5 43. Bg2 f4 44. Bb2 Ne4 45. Qc2 Rxg2+ 46. Kxg2 Qg6+ 47. Kh1 Ng3+ 48. Kg2 Qxc2 0-1

[Event "Titled Tuesday intern op 06th Feb Early"]
[Site "Chess.com INT"]
[Date "2024.02.06"]
[Round "5"]
[White "Yaksin, Oleg"]
[Black "Popov, Konstantin"]
[Result "0-1"]
[WhiteElo "2389"]
[BlackElo "2364"]
[PlyCount "38"]
[EventDate "2024.02.06"]
[EventType "swiss (blitz)"]
[EventRounds "11"]
[EventCountry "USA"]
[SourceTitle "CB07_2024"]
[SourceDate "2024.02.14"]
[SourceVersion "1"]
[SourceVersionDate "2024.02.14"]
[SourceQuality "1"]

1. d4 Nf6 2. c4 e6 3. g3 d5 4. Nf3 dxc4 5. Bg2 Bb4+ 6. Bd2 c5 7. Bxb4 cxb4 8. Qa4+ Nc6 9. Ne5 0-0 10. Nxc6 bxc6 11. Qxc6 Qxd4 12. Nd2 Rd8 13. 0-0 Bd7 14. Qxc4 Qxd2 15. Rad1 Qxb2 16. Bxa8 Rxa8 17. Rxd7 Nxd7 18. Qc6 Nb6 19. Rd1 h5 0-1

[Event "Titled Tuesday intern op 06th Feb Early"]
[Site "Chess.com INT"]
[Date "2024.02.06"]
[Round "8"]
[White "Yaksin, Oleg"]
[Black "Tsatsalashvili, Ketevan"]
[Result "0-1"]
[WhiteElo "2389"]
[BlackElo "2315"]
[PlyCount "76"]
[EventDate "2024.02.06"]
[EventType "swiss (blitz)"]
[EventRounds "11"]
[EventCountry "USA"]
[SourceTitle "CB07_2024"]
[SourceDate "2024.02.14"]
[SourceVersion "1"]
[SourceVersionDate "2024.02.14"]
[SourceQuality "1"]

1. d4 Nf6 2. c4 e6 3. g3 d5 4. Nf3 Bb4+ 5. Bd2 Be7 6. Bg2 0-0 7. 0-0 b6 8. Ne5 Bb7 9. Nc3 c6 10. Bf4 Nbd7 11. Qb3 Nxe5 12. dxe5 Nd7 13. cxd5 cxd5 14. Rfd1 g5 15. Bc1 Nxe5 16. e4 d4 17. Be3 Bc5 18. Ne2 dxe3 19. Rxd8 exf2+ 20. Kh1 Raxd8 21. Qc3 Ng4 22. h3 Ne3 23. Qf6 Nxg2 24. Qxg5+ Kh8 25. Qf6+ Kg8 26. Kxg2 Bxe4+ 27. Kh2 Bg6 28. Rf1 Rd2 29. Nf4 Rfd8 30. h4 Rd1 31. h5 Rxf1 32. Qxd8+ Kg7 33. hxg6 Rh1+ 34. Kxh1 f1Q+ 35. Kh2 Qg1+ 36. Kh3 Qh1+ 37. Kg4 f5+ 38. Kg5 Qh6# 0-1

[Event "Titled Tuesday intern op 16th Jan Early"]
[Site "Chess.com INT"]
[Date "2024.01.16"]
[Round "5"]
[White "Jumabayev, Rinat"]
[Black "Yaksin, Oleg"]
[Result "1-0"]
[WhiteElo "2598"]
[BlackElo "2389"]
[PlyCount "95"]
[EventDate "2024.01.16"]
[EventType "swiss (blitz)"]
[EventRounds "11"]
[EventCountry "USA"]
[SourceTitle "CB04_2024"]
[SourceDate "2023.10.16"]
[SourceVersion "1"]
[SourceVersionDate "2023.10.16"]
[SourceQuality "1"]

1. d4 Nf6 2. c4 e6 3. g3 d5 4. Bg2 dxc4 5. Nf3 a6 6. Ne5 c5 7. Be3 cxd4 8. Qxd4 Bb4+ 9. Nc3 Qxd4 10. Bxd4 0-0 11. 0-0-0 Nbd7 12. Nxc4 Rb8 13. a3 Be7 14. Rd3 Nc5 15. Bxc5 Bxc5 16. e3 Bd7 17. Rhd1 Bc6 18. Bxc6 bxc6 19. Ne5 Rfc8 20. Nd7 Nxd7 21. Rxd7 Kf8 22. Na4 Be7 23. Ra7 Ra8 24. Rdd7 Rxa7 25. Rxa7 c5 26. Nb6 Rd8 27. Nc4 g6 28. Rxa6 Rd5 29. Ra8+ Kg7 30. Ra7 Bf6 31. Rc7 h5 32. h3 Kf8 33. Kc2 g5 34. g4 hxg4 35. hxg4 Be7 36. a4 f5 37. f3 f4 38. exf4 Rd4 39. Ne5 Bd6 40. Rc6 gxf4 41. Nd7+ Ke7 42. Nb6 Rb4 43. b3 Be5 44. Nc4 Bd4 45. Rb6 Kd7 46. Rxb4 cxb4 47. Kd3 Bc3 48. Ke4 1-0

[Event "Titled Tuesday intern op 14th Nov Early"]
[Site "Chess.com INT"]
[Date "2023.11.14"]
[Round "6"]
[White "Yaksin, Oleg"]
[Black "Danielyan, Vahe"]
[Result "1/2-1/2"]
[WhiteElo "2389"]
[BlackElo "2317"]
[PlyCount "138"]
[EventDate "2023.11.14"]
[EventType "swiss (blitz)"]
[EventRounds "11"]
[EventCountry "USA"]
[SourceTitle "CB47_2023"]
[SourceDate "2023.11.22"]
[SourceVersion "1"]
[SourceVersionDate "2023.11.22"]
[SourceQuality "1"]

1. d4 Nf6 2. c4 g6 3. Nf3 Bg7 4. g3 0-0 5. Bg2 d6 6. 0-0 c6 7. Nc3 Bf5 8. Ne1 e5 9. d5 c5 10. e4 Bg4 11. f3 Bd7 12. Nd3 Na6 13. f4 exf4 14. Bxf4 Qe7 15. e5 dxe5 16. Bxe5 Ng4 17. Bxg7 Kxg7 18. Re1 Qf6 19. Nf4 Rae8 20. Qd2 Qd4+ 21. Qxd4+ cxd4 22. Ne4 Ne3 23. Nd6 Rb8 24. Re2 b5 25. cxb5 Bxb5 26. Nxb5 Rxb5 27. Rd2 g5 28. Ne2 d3 29. Nc3 Rb6 30. Be4 Nc4 31. Rxd3 Rxb2 32. Rd4 Nd6 33. Bf3 Nb4 34. Rb1 Rxb1+ 35. Nxb1 Rb8 36. Nc3 a5 37. h4 h6 38. hxg5 hxg5 39. g4 Rc8 40. Ne4 Rc1+ 41. Kg2 Rc2+ 42. Kg3 Nb5 43. Rd2 Rxd2 44. Nxd2 Nxa2 45. Nc4 a4 46. d6 Kf8 47. Bc6 Nd4 48. Bd5 Nc3 49. Bb7 Ncb5 50. d7 Ke7 51. Ne5 a3 52. Bd5 Nc7 53. Ba2 Nce6 54. Nxf7 Kxd7 55. Ne5+ Kd6 56. Nc4+ Kc5 57. Nxa3 Ne2+ 58. Kf3 N6d4+ 59. Ke3 Nc3 60. Nc4 Nxa2 61. Ne5 Nc3 62. Nf7 Nd5+ 63. Ke4 Ne6 64. Kf5 Ndf4 65. Nxg5 Nxg5 66. Kxg5 Kd5 67. Kf5 Nh3 68. Kf6 Ke4 69. g5 Nxg5 1/2-1/2

[Event "Titled Tuesday intern op 27th Jun Early"]
[Site "Chess.com INT"]
[Date "2023.06.27"]
[Round "11"]
[White "Blokhin, Sofia"]
[Black "Yaksin, Oleg"]
[Result "0-1"]
[WhiteElo "2062"]
[BlackElo "2389"]
[PlyCount "62"]
[EventDate "2023.06.27"]
[EventType "swiss (blitz)"]
[EventRounds "11"]
[EventCountry "USA"]
[SourceTitle "EXT 2024"]
[Source "ChessBase"]
[SourceDate "2023.10.10"]
[SourceVersion "1"]
[SourceVersionDate "2023.10.10"]
[SourceQuality "1"]

1. d4 Nf6 2. c4 e6 3. Nc3 Bb4 4. f3 0-0 5. e4 c5 6. a3 Bxc3+ 7. bxc3 Nc6 8. Be3 d5 9. e5 Nd7 10. cxd5 exd5 11. Bd3 Qa5 12. Qd2 Nb6 13. Ne2 Nc4 14. Bxc4 dxc4 15. 0-0 Bf5 16. Qb2 Bd3 17. Rfe1 cxd4 18. cxd4 Bxe2 19. Rxe2 Qd5 20. Qxb7 Rab8 21. Qa6 Rb3 22. Rd1 Nxe5 23. Qxa7 Nd3 24. h3 h6 25. a4 Re8 26. Rdd2 Nc1 27. Re1 Nd3 28. Ree2 Nb4 29. Kh2 c3 30. Rd1 c2 31. Rc1 Qd6+ 0-1

[Event "Titled Tuesday intern op 27th Jun Early"]
[Site "Chess.com INT"]
[Date "2023.06.27"]
[Round "1"]
[White "Yaksin, Oleg"]
[Black "Guevara Sanchez, Erick Marvin"]
[Result "1-0"]
[WhiteElo "2389"]
[BlackElo "2073"]
[PlyCount "93"]
[EventDate "2023.06.27"]
[EventType "swiss (blitz)"]
[EventRounds "11"]
[EventCountry "USA"]
[SourceTitle "EXT 2024"]
[Source "ChessBase"]
[SourceDate "2023.10.10"]
[SourceVersion "1"]
[SourceVersionDate "2023.10.10"]
[SourceQuality "1"]

1. d4 Nf6 2. c4 e6 3. g3 Bb4+ 4. Bd2 a5 5. Bg2 0-0 6. Nf3 d5 7. 0-0 Nbd7 8. Bg5 c6 9. Qc2 Qc7 10. Bf4 Qb6 11. c5 Qd8 12. a3 Bxc5 13. dxc5 Re8 14. Ne5 Nxe5 15. Bxe5 Nd7 16. Bd6 e5 17. e3 e4 18. Nc3 Qf6 19. Ne2 Ne5 20. Bxe5 Rxe5 21. Nd4 Rh5 22. f4 Qh6 23. Bh1 Bh3 24. Rf2 Qg6 25. Bg2 Bg4 26. Bf1 Re8 27. Be2 Bxe2 28. Qxe2 Rh3 29. f5 Qh6 30. Rf4 Rh5 31. b4 a4 32. Raf1 Rg5 33. Kg2 Re5 34. h4 Rh5 35. Qg4 g6 36. f6 Qf8 37. Rf5 Rhxf5 38. Rxf5 Re8 39. h5 Qh6 40. Rf4 Re5 41. hxg6 hxg6 42. Nf5 Rxf5 43. Rxf5 Qxe3 44. Rf2 Qe1 45. Qe2 Qc3 46. Qd2 Qxa3 47. Qh6 1-0

[Event "Titled Tuesday intern op 7th Mar Early"]
[Site "Chess.com INT"]
[Date "2023.03.07"]
[Round "4"]
[White "Yaksin, Oleg"]
[Black "Yang, Ching Wei Austin"]
[Result "0-1"]
[WhiteElo "2389"]
[BlackElo "2201"]
[PlyCount "60"]
[EventDate "2023.03.07"]
[EventType "swiss (blitz)"]
[EventRounds "11"]
[EventCountry "USA"]
[SourceTitle "EXT 2024"]
[Source "ChessBase"]
[SourceDate "2023.10.10"]
[SourceVersion "1"]
[SourceVersionDate "2023.10.10"]
[SourceQuality "1"]

1. e4 c5 2. Nf3 d6 3. d4 cxd4 4. Nxd4 Nf6 5. Nc3 Nc6 6. Bg5 e6 7. Qd2 a6 8. Nxc6 bxc6 9. Be2 Be7 10. 0-0-0 d5 11. e5 Nd7 12. Bxe7 Qxe7 13. f4 0-0 14. h4 Rb8 15. h5 Qb4 16. b3 Qa3+ 17. Kb1 a5 18. Ka1 c5 19. h6 g6 20. Nb1 Qb4 21. g4 a4 22. g5 axb3 23. cxb3 Qb6 24. Nc3 Ba6 25. Rc1 Bxe2 26. Nxe2 Ra8 27. Qb2 Rfb8 28. Rh3 c4 29. Rhc3 cxb3 30. a3 Nc5 0-1

[Event "Titled Tuesday intern op 10th Jan Early"]
[Site "Chess.com INT"]
[Date "2023.01.10"]
[Round "2"]
[White "Sanal, Vahap"]
[Black "Yaksin, Oleg"]
[Result "1-0"]
[WhiteElo "2590"]
[BlackElo "2389"]
[PlyCount "87"]
[EventDate "2023.01.10"]
[EventType "swiss (blitz)"]
[EventRounds "11"]
[EventCountry "USA"]
[SourceTitle "EXT 2024"]
[Source "ChessBase"]
[SourceDate "2023.10.10"]
[SourceVersion "1"]
[SourceVersionDate "2023.10.10"]
[SourceQuality "1"]

1. e4 c5 2. Nc3 Nc6 3. Nge2 g6 4. g3 Bg7 5. Bg2 d6 6. d3 Nf6 7. Bg5 Rb8 8. h3 b5 9. Qd2 h6 10. Be3 b4 11. Nd1 a5 12. 0-0 Ba6 13. f4 Nd7 14. Nf2 Bxb2 15. Rae1 Nd4 16. f5 g5 17. Rb1 Nxe2+ 18. Qxe2 Bc3 19. Ng4 Ne5 20. Nf2 Qc7 21. Nd1 Bd4 22. Kh1 Bb7 23. Bd2 f6 24. c3 bxc3 25. Nxc3 Bxc3 26. Bxc3 Kd7 27. Rfc1 Bc6 28. Ra1 Qa7 29. Qd2 a4 30. d4 cxd4 31. Bxd4 Qa8 32. Re1 Rhc8 33. Rad1 a3 34. Bxe5 fxe5 35. f6 exf6 36. Qxd6+ Ke8 37. Qe6+ Kf8 38. Qxf6+ Kg8 39. Qg6+ Kh8 40. Qxh6+ Kg8 41. Qxg5+ Kh7 42. Qh5+ Kg7 43. Qxe5+ Kg8 44. Rd6 1-0

[Event "Titled Tuesday intern op 10th Jan Early"]
[Site "Chess.com INT"]
[Date "2023.01.10"]
[Round "4"]
[White "Yaksin, Oleg"]
[Black "Ivic, Velimir"]
[Result "1/2-1/2"]
[WhiteElo "2389"]
[BlackElo "2585"]
[PlyCount "76"]
[EventDate "2023.01.10"]
[EventType "swiss (blitz)"]
[EventRounds "11"]
[EventCountry "USA"]
[SourceTitle "EXT 2024"]
[Source "ChessBase"]
[SourceDate "2023.10.10"]
[SourceVersion "1"]
[SourceVersionDate "2023.10.10"]
[SourceQuality "1"]

1. d4 Nf6 2. c4 g6 3. g3 Bg7 4. Bg2 0-0 5. Nf3 d6 6. 0-0 Nbd7 7. Nc3 e5 8. Re1 Re8 9. e4 exd4 10. Nxd4 Nc5 11. h3 h6 12. b3 a5 13. Bb2 a4 14. b4 a3 15. Bc1 Ne6 16. Be3 Nxd4 17. Bxd4 Be6 18. Nd5 c6 19. Bb6 Qd7 20. Nc7 Bxh3 21. Nxa8 Rxa8 22. Bd4 Re8 23. Rc1 h5 24. Bc3 Bxg2 25. Kxg2 h4 26. gxh4 Qe6 27. e5 Nh5 28. exd6 Nf4+ 29. Kg1 Qh3 30. Rxe8+ Kh7 31. Qf1 Qg4+ 32. Kh2 Qxh4+ 33. Kg1 Qg4+ 34. Kh2 Qh5+ 35. Kg1 Qg5+ 36. Kh2 Qh4+ 37. Kg1 Qg4+ 38. Kh2 Qh4+ 1/2-1/2

[Event "Titled Tuesday intern op 10th Jan Early"]
[Site "Chess.com INT"]
[Date "2023.01.10"]
[Round "1"]
[White "Yaksin, Oleg"]
[Black "Srdanovic, Jovana"]
[Result "1-0"]
[WhiteElo "2389"]
[BlackElo "2166"]
[PlyCount "47"]
[EventDate "2023.01.10"]
[EventType "swiss (blitz)"]
[EventRounds "11"]
[EventCountry "USA"]
[SourceTitle "EXT 2024"]
[Source "ChessBase"]
[SourceDate "2023.10.10"]
[SourceVersion "1"]
[SourceVersionDate "2023.10.10"]
[SourceQuality "1"]

1. d4 d5 2. Nf3 Nf6 3. c4 c6 4. Qb3 e6 5. Bg5 Be7 6. Nc3 0-0 7. e3 a6 8. Bd3 dxc4 9. Qxc4 b5 10. Qb3 c5 11. Qc2 h6 12. Bxf6 Bxf6 13. dxc5 b4 14. Ne4 Be7 15. 0-0 Bb7 16. Rfd1 Qc7 17. Rac1 Nc6 18. Nd6 Rad8 19. Nxb7 Qxb7 20. Be4 f5 21. Bxc6 Qxc6 22. Nd4 Qc8 23. Qc4 Rd5 24. Nxe6 1-0

[Event "Titled Tuesday intern op 10th Jan Early"]
[Site "Chess.com INT"]
[Date "2023.01.10"]
[Round "10"]
[White "Yaksin, Oleg"]
[Black "Stanojevic, Ilija"]
[Result "1-0"]
[WhiteElo "2389"]
[BlackElo "2091"]
[PlyCount "53"]
[EventDate "2023.01.10"]
[EventType "swiss (blitz)"]
[EventRounds "11"]
[EventCountry "USA"]
[SourceTitle "EXT 2024"]
[Source "ChessBase"]
[SourceDate "2023.10.10"]
[SourceVersion "1"]
[SourceVersionDate "2023.10.10"]
[SourceQuality "1"]

1. Nf3 Nf6 2. g3 d5 3. Bg2 c5 4. 0-0 Nc6 5. d4 cxd4 6. Nxd4 g6 7. c4 Bg7 8. Nc3 Nxd4 9. Qxd4 0-0 10. cxd5 Bf5 11. Qb4 Qd7 12. Bf4 Bh3 13. Rfd1 Bxg2 14. Kxg2 Rfd8 15. e4 Ne8 16. e5 e6 17. d6 f6 18. Ne4 fxe5 19. Bg5 Rdc8 20. Rac1 Rc6 21. Rxc6 Qxc6 22. Rc1 Qd7 23. Qc5 h6 24. Be7 b6 25. Qc6 Qxc6 26. Rxc6 Rb8 27. d7 1-0

[Event "Titled Tuesday intern op 23rd Aug Early"]
[Site "Chess.com INT"]
[Date "2022.08.23"]
[Round "5"]
[White "Yaksin, Oleg"]
[Black "Acosta Cruz, Oscar Yosimar"]
[Result "1-0"]
[WhiteElo "2388"]
[BlackElo "2098"]
[PlyCount "83"]
[EventDate "2022.08.23"]
[EventType "swiss (blitz)"]
[EventRounds "11"]
[EventCountry "USA"]
[SourceTitle "EXT 2023"]
[Source "ChessBase"]
[SourceDate "2022.10.05"]
[SourceVersion "1"]
[SourceVersionDate "2022.10.05"]
[SourceQuality "1"]

1. d4 d5 2. c4 e6 3. Nc3 Nf6 4. cxd5 exd5 5. Bg5 Nbd7 6. e3 c6 7. Bd3 Bd6 8. Nge2 Qc7 9. Qc2 h6 10. Bh4 g5 11. Bg3 Bxg3 12. Nxg3 Nf8 13. 0-0-0 Be6 14. Kb1 0-0-0 15. Rc1 Kb8 16. Ka1 h5 17. h4 gxh4 18. Rxh4 Ng6 19. Bxg6 fxg6 20. Qxg6 Rdf8 21. Rch1 Rhg8 22. Qc2 Ng4 23. Nd1 Nxf2 24. Nxf2 Qxg3 25. Nd1 Qxg2 26. Qxg2 Rxg2 27. Rxh5 Bg4 28. Rg5 Bf3 29. Rxg2 Bxg2 30. Rg1 Be4 31. a3 Rf3 32. Re1 Kc7 33. Nc3 Kd6 34. Ka2 Bd3 35. Kb3 Bc4+ 36. Kc2 Rf2+ 37. Kc1 Bd3 38. Na4 Rc2+ 39. Kd1 b5 40. Nc5 Bf5 41. e4 Bxe4 42. Nxe4+ 1-0

[Event "Titled Tuesday intern op 23rd Aug Early"]
[Site "Chess.com INT"]
[Date "2022.08.23"]
[Round "1"]
[White "Yaksin, Oleg"]
[Black "Floresvillar Gonzalez, Luis Miguel"]
[Result "1-0"]
[WhiteElo "2388"]
[BlackElo "2120"]
[PlyCount "115"]
[EventDate "2022.08.23"]
[EventType "swiss (blitz)"]
[EventRounds "11"]
[EventCountry "USA"]
[SourceTitle "EXT 2023"]
[Source "ChessBase"]
[SourceDate "2022.10.05"]
[SourceVersion "1"]
[SourceVersionDate "2022.10.05"]
[SourceQuality "1"]

1. d4 d5 2. c4 c6 3. cxd5 cxd5 4. Bg5 Nc6 5. Nc3 h6 6. Bh4 Nf6 7. Bxf6 exf6 8. e3 Bb4 9. Rc1 Be6 10. g3 0-0 11. Bg2 Rc8 12. Nge2 Re8 13. 0-0 f5 14. Qb3 Qd6 15. Nf4 Na5 16. Qa4 Bxc3 17. Rxc3 b6 18. Rfc1 Red8 19. Rxc8 Rxc8 20. Rxc8+ Bxc8 21. Qe8+ Qf8 22. Qxf8+ Kxf8 23. Bxd5 Nb7 24. Kf1 Nd6 25. Ke1 Ke7 26. f3 Be6 27. Bxe6 fxe6 28. Ke2 g5 29. Nd3 Nc4 30. b3 Na3 31. Kd2 Nb5 32. a4 Nd6 33. Ne5 a6 34. Kd3 Ne8 35. Nc6+ Kd6 36. Ne5 Ke7 37. Nc4 b5 38. axb5 axb5 39. Ne5 Nc7 40. e4 fxe4+ 41. fxe4 Na6 42. Kc3 h5 43. Nc6+ Kd6 44. Nb4 Nc7 45. Nd3 Na6 46. Kd2 Ke7 47. Ke3 Kf6 48. h4 gxh4 49. gxh4 Kg6 50. Kf4 Kf6 51. e5+ Kg6 52. Ke4 Nc7 53. Nf4+ Kf7 54. Nxh5 Nd5 55. Nf4 Nc3+ 56. Kd3 Nd1 57. Nh3 Nb2+ 58. Kc2 1-0

[Event "Titled Tuesday intern op 23rd Aug Late"]
[Site "Chess.com INT"]
[Date "2022.08.23"]
[Round "4"]
[White "Yaksin, Oleg"]
[Black "Leitao, Rafael Duailibe"]
[Result "1/2-1/2"]
[WhiteElo "2388"]
[BlackElo "2592"]
[PlyCount "78"]
[EventDate "2022.08.23"]
[EventType "swiss (blitz)"]
[EventRounds "11"]
[EventCountry "USA"]
[SourceTitle "EXT 2023"]
[Source "ChessBase"]
[SourceDate "2022.10.05"]
[SourceVersion "1"]
[SourceVersionDate "2022.10.05"]
[SourceQuality "1"]

1. d4 Nf6 2. Bg5 d5 3. Bxf6 exf6 4. e3 c6 5. Bd3 g6 6. g4 h5 7. gxh5 Rxh5 8. Nd2 Bd6 9. h4 Be6 10. Qf3 Nd7 11. Ne2 Qc7 12. 0-0-0 0-0-0 13. Kb1 Rdh8 14. c4 dxc4 15. Nxc4 Rxh4 16. Rxh4 Rxh4 17. Nxd6+ Qxd6 18. Rg1 Qd5 19. Qxd5 Bxd5 20. Nc3 f5 21. b4 Nf6 22. b5 Rh2 23. bxc6 bxc6 24. Rc1 Kd7 25. Rc2 Ng4 26. Nxd5 cxd5 27. Bb5+ Kd8 28. Rc5 Rxf2 29. Rxd5+ Kc7 30. Rc5+ Kb6 31. a4 Nxe3 32. Rc6+ Ka5 33. Ra6+ Kb4 34. Rxa7 Kb3 35. Rb7 Rb2+ 36. Kc1 Rc2+ 37. Kb1 Rb2+ 38. Kc1 Rc2+ 39. Kb1 Rb2+ 1/2-1/2

[Event "Titled Tuesday intern op 16th Aug Late"]
[Site "Chess.com INT"]
[Date "2022.08.16"]
[Round "8"]
[White "Averjanov, Alexey"]
[Black "Yaksin, Oleg"]
[Result "0-1"]
[WhiteElo "2399"]
[BlackElo "2388"]
[PlyCount "104"]
[EventDate "2022.08.16"]
[EventType "swiss (blitz)"]
[EventRounds "11"]
[EventCountry "USA"]
[SourceTitle "EXT 2023"]
[Source "ChessBase"]
[SourceDate "2022.10.05"]
[SourceVersion "1"]
[SourceVersionDate "2022.10.05"]
[SourceQuality "1"]

1. d4 f5 2. c4 Nf6 3. Nf3 g6 4. g3 Bg7 5. Bg2 0-0 6. 0-0 d6 7. b3 Qe8 8. Bb2 Na6 9. d5 Bd7 10. Nc3 c6 11. Nd4 Nc7 12. Rc1 c5 13. Nc2 Rb8 14. a4 b6 15. Ba1 a6 16. e4 b5 17. axb5 axb5 18. exf5 Bxf5 19. Ne3 Bd7 20. Re1 Qf7 21. Qd2 bxc4 22. bxc4 Rb3 23. Ne4 Nxe4 24. Bxe4 Bxa1 25. Rxa1 Rfb8 26. Rab1 Qf6 27. Rxb3 Rxb3 28. Rb1 Rxb1+ 29. Bxb1 Qa1 30. Qa2 Qc3 31. Qc2 Qe1+ 32. Kg2 Na6 33. Qa2 Nb4 34. Qa8+ Kf7 35. Qd8 Bh3+ 36. Kxh3 Qxb1 37. Qh8 h5 38. Qh7+ Ke8 39. Qg8+ Kd7 40. Qe6+ Kd8 41. Ng2 Qf1 42. Qg8+ Kc7 43. Qxg6 Nd3 44. Qf7 Nxf2+ 45. Kh4 Qxg2 46. Qxe7+ Kb6 47. Qxd6+ Ka5 48. Qxc5+ Ka4 49. Qb5+ Ka3 50. Qc5+ Kb3 51. d6 Qh3+ 52. Kg5 Ne4+ 0-1

[Event "Titled Tuesday intern op 16th Aug Late"]
[Site "Chess.com INT"]
[Date "2022.08.16"]
[Round "11"]
[White "Martinez Reyes, Pedro Ramon"]
[Black "Yaksin, Oleg"]
[Result "0-1"]
[WhiteElo "2408"]
[BlackElo "2388"]
[PlyCount "84"]
[EventDate "2022.08.16"]
[EventType "swiss (blitz)"]
[EventRounds "11"]
[EventCountry "USA"]
[SourceTitle "EXT 2023"]
[Source "ChessBase"]
[SourceDate "2022.10.05"]
[SourceVersion "1"]
[SourceVersionDate "2022.10.05"]
[SourceQuality "1"]

1. d4 f5 2. Bf4 Nf6 3. e3 g6 4. Nf3 Bg7 5. h3 d6 6. c4 0-0 7. Nc3 Qe8 8. d5 Na6 9. Be2 Bd7 10. 0-0 c6 11. Bh2 Nc7 12. Qb3 Rb8 13. Nd4 c5 14. Ndb5 Nxb5 15. Nxb5 a6 16. Nc3 b5 17. Qc2 h6 18. b3 Ne4 19. Nxe4 Bxa1 20. Rxa1 fxe4 21. Qxe4 Qf7 22. Bg3 Kg7 23. Qc2 b4 24. Rf1 Qf6 25. e4 a5 26. Bd3 Qc3 27. Qe2 a4 28. Bc2 axb3 29. Bxb3 Ra8 30. e5 Ra6 31. exd6 exd6 32. Qe7+ Rf7 33. Qd8 Qf6 34. Qb8 h5 35. h4 Ba4 36. Re1 Bxb3 37. axb3 Re7 38. Rxe7+ Qxe7 39. Kh2 Kh7 40. f3 Ra3 41. Bxd6 Qxh4+ 42. Kg1 Ra1# 0-1